000 00801cab a2200241 4500
001 WB2738-25
008 090401t1991 xxu||||| |||| 00| 0 eng d
035 _a(Sirsi) u1597
041 _aeng
245 _aProperty futures market closed
260 _c1991
350 _a0
490 _aDaily Telegraph
_v3 October 1991, 21
490 _aFinancial Times
_v3 October 1991, 23
490 _aLondon Fox Press Release
_v3 October 1991,
490 _aRICS Press Release
_vPR97/91 4 October 1991 (1)
520 _aThe London FOX Board has reassessed the four Fox Property Futures Contracts in the light of its regulatory duties and responsibilities.
650 _aLONDON FOX
650 _aPROPERTY FUTURES
690 _aPROPERTY-PROPERTY FINANCE AND INVESTMENT
942 _n0
948 _c04/03/1997
999 _c904
_d904